000 00626nam a2200241Ia 4500
003 OSt
005 20220918221908.0
006 a|||||r|||| 00| 0
007 ta
008 220917b |||||||| |||| 00| 0 eng d
024 _a210,561
037 _cTextual
040 _aARTS
_cARTS
_beng
041 _2eng
_aeng
082 _aO152,3N361,TS, M0
100 _aHkzej] jkedqekj
_9141698
245 0 _arkfd lun jgs
260 _afnYyh]
_bljLorh fogkj
_c1980
300 _a138i`0
_ccm.
650 _afgUnh lkfgR;
942 _hO152,3N361,TS, M0
_cTEXL
_2CC
999 _c273971
_d273971